[Event "Hastings Masters"]
[Site "Hastings, England"]
[Date "2015.01.06"]
[Round "9.42"]
[White "Pooley, Mark C"]
[WhiteElo "1686"]
[Black "Macrae, James S"]
[BlackElo "1723"]
[Result "1/2-1/2"]

1. e4 Nc6 2. Nf3 e6 3. d4 d5 4. exd5 exd5 5. Be2 Be7 6. Bf4 Nf6 7. Nc3 a6 8.
O-O O-O 9. Re1 h6 10. a3 Be6 11. Ne5 Nxe5 12. Bxe5 Bd6 13. f4 Rc8 14. Rf1 Qd7
15. Bd3 Bf5 16. Qf3 Bxd3 17. Qxd3 Be7 18. Qf3 c6 19. Rad1 Rfd8 20. Rd3 Ne8 21.
f5 Bf6 22. Na4 Bxe5 23. dxe5 b5 24. Nc3 Qa7+ 25. Kh1 Qc5 26. Rd2 d4 27. Ne2
Qxe5 28. Ng3 Qe3 29. Qd1 Qe5 30. Re2 Qc7 31. Qe1 Nf6 32. Ne4 Nxe4 33. Rxe4 Qd6
34. Rf3 Kf8 35. Qd2 c5 36. f6 Re8 37. fxg7+ Kxg7 38. Rg4+ Kf8 39. Rgf4 Re7 40.
Rf6 Qe5 41. Qxh6+ Ke8 1/2-1/2

[Event "Hastings Masters"]
[Site "Hastings, England"]
[Date "2015.01.06"]
[Round "9.43"]
[White "Dean, Michael J"]
[WhiteElo "1574"]
[Black "Haegin, Thomas"]
[BlackElo "1460"]
[Result "1/2-1/2"]

1. e4 e5 2. Nf3 Nc6 3. Bb5 a6 4. Ba4 Nf6 5. O-O Be7 6. Re1 b5 7. Bb3 d6 8. c3
O-O 9. h3 Bb7 10. Bc2 g6 11. d4 Re8 12. Nbd2 Bf8 13. Nf1 exd4 14. cxd4 Nb4 15.
Bg5 Nxc2 16. Qxc2 h6 17. Bxf6 Qxf6 18. Ng3 Rac8 19. Qd2 Qd8 20. Re2 c5 21. d5
Bg7 22. Rae1 c4 23. Qf4 Kh7 24. h4 Kg8 25. h5 c3 26. b3 Qf6 27. Qg4 b4 28. e5
dxe5 29. hxg6 Qxg6 30. Qxg6 fxg6 31. Nxe5 Bxd5 32. Nxg6 Rxe2 33. Nxe2 Kf7 34.
Ngf4 Be4 35. Nc1 Bf5 36. Ncd3 Bxd3 37. Nxd3 a5 38. Kf1 Rc7 39. Ke2 Re7+ 40. Kd1
Rxe1+ 41. Nxe1 Ke6 42. Nc2 Kd5 43. Ne3+ Ke4 44. Ke2 Be5 45. f3+ Kf4 46. g4 Kg5
47. Nc2 h5 48. gxh5 Kxh5 49. a3 Bd6 50. axb4 axb4 51. Ne3 Kg5 52. Nd5 1/2-1/2

[Event "Hastings Masters"]
[Site "Hastings, England"]
[Date "2015.01.06"]
[Round "9.44"]
[White "Denham, Colin"]
[WhiteElo "1685"]
[Black "Evans, Helen I"]
[BlackElo "1621"]
[Result "1-0"]

1. e4 d6 2. b3 Nf6 3. Nc3 e5 4. Bb2 Be7 5. Nf3 O-O 6. Be2 Nbd7 7. O-O Re8 8. d3
b6 9. Bc1 Bb7 10. Bg5 Nxe4 11. Nxe4 Bxe4 12. Bxe7 Qxe7 13. dxe4 Nc5 14. Qd5 Qf6
15. Bb5 Red8 16. Bc6 Rab8 17. Qc4 Rbc8 18. Rad1 Qf4 19. Rfe1 Qg4 20. Rd2 Rf8
21. Re3 h5 22. h3 Qf4 23. b4 Ne6 24. Bd7 b5 25. Qd5 c6 26. Qxd6 Rfd8 27. Qxe5
Qh6 28. Bxc8 Rxd2 29. Nxd2 Nf4 30. Qe8+ Kh7 31. Bf5+ g6 32. Qxf7+ Kh8 33. Bxg6
Nxg6 34. Rg3 1-0